Fuj, baby, feminy!

Bibliographic Details
Main Author: Uličianska, Zuzana, 1962- (Author)
Format: Article
Language:Slovak
PhysicalDescription:Fotogr.
ISSN:1335-440X
Subjects:
Online Access:http://zena.sme.sk/c/5459067/prve-zeny-v-politike-fuj-baby-feminy.html

MARC

LEADER 00000nab a2200000 ar4500
001 vtls010119444
003 SK-MaSNL
005 20260426073225.0
008 100729c20100710xo ||||||||||||00 b|slo
015 |a SNBRB2010/07  |2 snkbucl 
038 |a SNKBUCL 
040 |a SNKBUCL  |b slo  |c SNKBUCL  |e AACR2 
041 0 |a slo 
044 |a xo  |c SK 
080 |a 32-055.2  |x (437.6)  |x (091)  |2 2001 
100 1 |a Uličianska, Zuzana,  |d 1962-  |4 aut  |9 103260 
245 1 0 |a Fuj, baby, feminy!  |c Zuzana Uličianska 
300 |b Fotogr. 
648 7 |a 19.-20. stor.  |2 SNK  |9 268609 
650 0 7 |a ženy a spoločnosť  |2 SNKPH  |9 77777 
650 0 7 |a politika  |2 SNKPH  |9 968 
651 7 |a Slovensko  |2 SNKPHgeo  |9 14231 
773 0 |t Sme  |g Roč. 18, č. 157 (10.7.2010)  |x 1335-440X 
773 0 |i Príl.:  |t Víkend  |g S. 21 
852 |a SNK  |b KIS3GCP 
856 4 1 |u http://zena.sme.sk/c/5459067/prve-zeny-v-politike-fuj-baby-feminy.html 
958 |a SK 
999 |c 2700413  |d 2702343